Biblioteca

Conjugando el verbo "tarjetear" : (Registro nro. 60157)

Detalles MARC
000 -LÍDER
Campo fijo de descripción fija 00870aab a2200205 4500
001 - NÚMERO DE CONTROL
Campo de control 768714001
003 - IDENTIFICADOR DEL NÚMERO DE CONTROL
Campo de control CO-MdFUSB
005 - FECHA Y HORA DE LA ULTIMA TRANSACCIÓN
control field 20240614115026.0
008 - ELEMENTOS DE LONGITUD FIJA -- INFORMACIÓN GENERAL
Campo fijo de descripción fija -- Información general 170524s2000 cr ||||| |||| 00| 0 spa d
022 ## - NÚMERO INTERNACIONAL NORMALIZADO PARA PUBLICACIONES SERIADAS
Número Internacional Normalizado para Publicaciones Seriadas 1409-1968
040 ## - FUENTE DE CATALOGACIÓN
Agencia Catalogadora CO-MdFUSB
Idioma de catalogación spa
Agencia que realiza la transcripción CO-MdFUSB
Agencia que realiza la modificación CO-MdFUSB
041 ## - CÓDIGO DE IDIOMA
Código de idioma para texto/pista de sonido o título separado spa
100 1# - ASIENTO PRINCIPAL--NOMBRE PERSONAL
Nombre personal Panasiuk, Andrés G.
Término relacionador autor
245 10 - TÍTULO
Título Conjugando el verbo "tarjetear" :
Subtitulo explorando el concepto bíblico de la deuda
Mención de responsabilidad / Andrés G. Panasiuk
520 ## - NOTA DE RESUMEN, ETC.
Nota de sumario, etc. Nunca compre con la tarjeta algo que no esté presupuestado. -- Comprométase delante de Dios a pagar cada mes el 100% del saldo de la tarjeta de crédito. -- Comprométase a no usar más su tarjeta de crédito.
650 #0 - ASIENTO SECUNDARIO DE MATERIA - TERMINO TEMÁTICO
9 (RLIN) 1199
Término temático o nombre geográfico como elemento de entrada Cristianismo y economía
773 0# - ASIENTO DE ITEM FUENTE
Título Apuntes Pastorales
Biblionumber 49442
Itemnumber 60163
Parte(s) relacionada(s) / Volumen., número. (mes año), páginas Volumen 18, número 1 (2000), páginas 56-57
Enumeración y primera página Página 56
942 ## - TIPO DE MATERIAL (KOHA)
Tipo de Item KOHA Artículos de Revista
945 ## - INFORMACIÓN LOCAL DEL REGISTRO
Catalogador JTF-925

No hay ítems disponibles.

Biblioteca FUSBC | Teléfono: (57+4) 349 88 10 Ext. 141| WhatsApp (+57) 3005338115 
E-mail: biblioteca@unisbc.edu.co | Calle 76 87-14 Robledo Palenque, Medellín, Colombia

Con tecnología Koha